[Event "CYCC U16"]
[Site "Hamilton CAN"]
[Date "2022.07.10"]
[Round "6.22"]
[White "Rusonik, Max"]
[Black "Joseph Benher, Savio"]
[Result "1-0"]
[WhiteElo "2291"]
[BlackElo "2207"]
[PlyCount "96"]
[EventDate "2022.07.08"]
[EventType "swiss"]
[EventRounds "7"]
[EventCountry "CAN"]

1. e4 e6 2. d4 d5 3. e5 c5 4. c3 Nc6 5. Nf3 Qb6 6. Bd3 cxd4 7. O-O Bd7 8. Re1
Bc5 9. b4 Be7 10. b5 Na5 11. Nxd4 Rc8 12. Be3 Qc7 13. Bf4 Nc4 14. Qg4 Kf8 15.
Qg3 h5 16. h4 Qd8 17. Bxc4 Bxh4 18. Qf3 Rxc4 19. Nd2 Rc7 20. c4 dxc4 21. Ne4 g5
22. Qa3+ Qe7 23. Qxe7+ Nxe7 24. Be3 Ng6 25. g3 Nxe5 26. gxh4 Nd3 27. Re2 gxh4
28. Nf6 e5 29. Nxd7+ Rxd7 30. Nf5 Rd5 31. Rc2 Rg8+ 32. Kh2 e4 33. Bh6+ Ke8 34.
Rxc4 Nxf2 35. Rc8+ Rd8 36. Nd6+ Ke7 37. Rxd8 Rxd8 38. Nf5+ Ke6 39. Rf1 Ng4+ 40.
Kh3 Rd5 41. Ng7+ Ke7 42. Bc1 Rxb5 43. Ba3+ Kd8 44. Rxf7 Ra5 45. Ne6+ Kc8 46.
Rc7+ Kb8 47. Bd6 b6 48. Nd8 Rxa2 1-0

[Event "CYCC U16"]
[Site "Hamilton CAN"]
[Date "2022.07.10"]
[Round "6.23"]
[White "Cowan, Ryan"]
[Black "Bui, Alan"]
[Result "0-1"]
[WhiteElo "1494"]
[BlackElo "2097"]
[PlyCount "84"]
[EventDate "2022.07.08"]
[EventType "swiss"]
[EventRounds "7"]
[EventCountry "CAN"]

1. e4 e5 2. Nf3 Nc6 3. Bc4 Nf6 4. Nc3 Nxe4 5. Nxe4 d5 6. Bd3 dxe4 7. Bxe4 Bd6
8. Bxc6+ bxc6 9. d3 O-O 10. h3 f5 11. O-O Qf6 12. Re1 Bb7 13. c3 Kh8 14. Be3 c5
15. d4 cxd4 16. cxd4 e4 17. Nh2 f4 18. Ng4 Qf5 19. Bd2 h5 20. Ne5 Bxe5 21. dxe5
f3 22. Be3 Qg6 23. g3 Qf5 24. Kh2 Bc8 25. g4 Qxe5+ 26. Kh1 hxg4 27. Rg1 Be6 28.
Qd4 Qf5 29. Rg3 Rfd8 30. Qc3 Rd7 31. Rag1 Qh7 32. Kh2 Rad8 33. Qe5 Bf5 34. Rc1
Qg6 35. Rc5 Be6 36. Rc6 Rd6 37. Rxc7 Rd5 38. Qc3 a5 39. Rc6 Rh5 40. Bf4 Qh7 41.
Rxe6 Rxh3+ 42. Kg1 Rh1# 0-1

[Event "CYCC U16"]
[Site "Hamilton CAN"]
[Date "2022.07.10"]
[Round "6.24"]
[White "Tang, Andy"]
[Black "Wu, Benjamin"]
[Result "0-1"]
[WhiteElo "1469"]
[BlackElo "1870"]
[PlyCount "132"]
[EventDate "2022.07.08"]
[EventType "swiss"]
[EventRounds "7"]
[EventCountry "CAN"]

1. d4 Nf6 2. Bf4 d5 3. e3 e6 4. Nf3 Bd6 5. Bg3 O-O 6. Bd3 b6 7. Nbd2 Ba6 8. Qe2
Bxd3 9. Qxd3 c5 10. c3 Nc6 11. Ne5 Qc7 12. Nxc6 Qxc6 13. Bxd6 Qxd6 14. O-O Rfd8
15. Rfe1 Rac8 16. Rad1 e5 17. dxe5 Qxe5 18. Nf3 Qe7 19. Qf5 Rc6 20. Ne5 Re6 21.
Ng4 Nxg4 22. Qxg4 Re4 23. Qe2 h6 24. Qd2 Qe6 25. a3 b5 26. f3 Re5 27. e4 Re8
28. Qc2 f5 29. Qb3 fxe4 30. fxe4 a6 31. Qc2 dxe4 32. Re3 Qf5 33. Qf2 Qe6 34.
Qc2 a5 35. Qd2 Qc4 36. Qe2 Qxe2 37. Rxe2 e3 38. Rde1 Kf7 39. g3 Kf6 40. Kg2 Rd5
41. Rf1+ Kg5 42. Rfe1 Rd2 43. Kf3 c4 44. h4+ Kh5 45. Kf4 g5+ 46. Kf5 Rf8+ 47.
Ke4 gxh4 48. gxh4 Rxe2 49. Rxe2 Rf2 50. Kxe3 Rxe2+ 51. Kxe2 Kxh4 52. Kf2 Kg4
53. Ke3 h5 54. Kd4 h4 55. Kc5 h3 56. Kxb5 h2 57. Kxa5 h1=Q 58. Kb4 Qc6 59. a4
Kf5 60. b3 cxb3 61. Kxb3 Ke5 62. Kb4 Kd5 63. c4+ Qxc4+ 64. Ka5 Qb3 65. Ka6 Kc6
66. a5 Qb7# 0-1

[Event "CYCC U16"]
[Site "Hamilton CAN"]
[Date "2022.07.10"]
[Round "6.25"]
[White "Zaka, Mohid"]
[Black "Lin, Ethan"]
[Result "1/2-1/2"]
[WhiteElo "1749"]
[BlackElo "1464"]
[PlyCount "133"]
[EventDate "2022.07.08"]
[EventType "swiss"]
[EventRounds "7"]
[EventCountry "CAN"]

1. d4 Nf6 2. e3 e6 3. Bd3 c5 4. c3 Nc6 5. Nd2 a6 6. a4 b6 7. f4 Bb7 8. Ngf3
cxd4 9. exd4 Qc7 10. g3 Ne7 11. Qe2 g6 12. Ne4 Nxe4 13. Bxe4 Bg7 14. O-O O-O
15. Bd2 Bxe4 16. Qxe4 Rac8 17. Qe2 Qb7 18. Ne1 Rfe8 19. Nd3 Nc6 20. Ne5 Na5 21.
Be3 d6 22. Nd3 Nc6 23. Nf2 Ne7 24. Bd2 Nf5 25. Ne4 d5 26. Nf2 Nd6 27. Nd3 Ne4
28. Nb4 Ra8 29. Be3 Rec8 30. Rfc1 Nd6 31. Bf2 b5 32. axb5 axb5 33. Be1 Ra7 34.
Nd3 Rca8 35. Nc5 Qb6 36. Qd1 Nc4 37. Rxa7 Rxa7 38. b3 Nd6 39. Ra1 Ne4 40. Rxa7
Qxa7 41. Nxe4 dxe4 42. Qe2 Qb7 43. Qa2 h6 44. Qa5 Kh7 45. Bf2 Qd5 46. Qa2 Qh5
47. Qd2 Qf3 48. Be3 Bf8 49. c4 bxc4 50. bxc4 Bb4 51. Qc1 Qe2 52. c5 Qe1+ 53.
Qxe1 Bxe1 54. Kf1 Ba5 55. Ke2 Kg7 56. Kd1 Kf6 57. Kc2 Ke7 58. Kb3 Kd7 59. Ka4
Be1 60. Kb5 Kc7 61. c6 h5 62. Kc5 h4 63. g4 Ba5 64. Kb5 Bb6 65. g5 h3 66. Bd2
Ba7 67. Bc3 1/2-1/2

[Event "CYCC U16"]
[Site "Hamilton CAN"]
[Date "2022.07.10"]
[Round "6.26"]
[White "Zhang, Raymond Tangning"]
[Black "Zhang, Lei"]
[Result "1/2-1/2"]
[WhiteElo "1682"]
[BlackElo "1682"]
[PlyCount "57"]
[EventDate "2022.07.08"]
[EventType "swiss"]
[EventRounds "7"]
[EventCountry "CAN"]

1. d4 e6 2. Nf3 d5 3. c4 Nf6 4. e3 c5 5. Nc3 Nc6 6. cxd5 Nxd5 7. Be2 cxd4 8.
Nxd4 Nxc3 9. bxc3 Bd7 10. O-O Bc5 11. Qb3 Rb8 12. Ba3 Qe7 13. Bxc5 Qxc5 14.
Rfd1 O-O 15. a4 Ne7 16. Qb4 Qxb4 17. cxb4 Nd5 18. b5 Rbc8 19. Bf3 Nc3 20. Rdc1
Nxa4 21. Bxb7 Rxc1+ 22. Rxc1 Rb8 23. Bc6 Rc8 24. Rc2 Bxc6 25. bxc6 Kf8 26. g3
Nb6 27. c7 Ke8 28. Nb5 Kd7 29. Rd2+ 1/2-1/2

[Event "CYCC U16"]
[Site "Hamilton CAN"]
[Date "2022.07.10"]
[Round "6.27"]
[White "Zhu, Matthew"]
[Black "Yang, Allen"]
[Result "1-0"]
[WhiteElo "2018"]
[BlackElo "1469"]
[PlyCount "73"]
[EventDate "2022.07.08"]
[EventType "swiss"]
[EventRounds "7"]
[EventCountry "CAN"]

1. e4 c6 2. d4 d5 3. Nc3 dxe4 4. Nxe4 Bf5 5. Ng3 Bg6 6. h4 h6 7. Nf3 Nd7 8. h5
Bh7 9. Bd3 Bxd3 10. Qxd3 e6 11. Bd2 Be7 12. O-O-O Ngf6 13. Kb1 O-O 14. Ne4 Nxe4
15. Qxe4 Nf6 16. Qe2 Qc7 17. g4 Nd5 18. Rdg1 Nf4 19. Qe4 Bg5 20. Ne5 Nd5 21. f4
Bf6 22. g5 Bxe5 23. fxe5 Kh8 24. gxh6 gxh6 25. c4 f5 26. Qh4 Qe7 27. cxd5 Qxh4
28. Rxh4 Rg8 29. Rxg8+ Rxg8 30. dxe6 Rg1+ 31. Kc2 Kg7 32. Rh3 Rg2 33. Rf3 Kf8
34. Rxf5+ Ke7 35. Rf6 Rg7 36. Bb4+ Ke8 37. Rf8# 1-0

[Event "CYCC U16"]
[Site "Hamilton CAN"]
[Date "2022.07.10"]
[Round "6.28"]
[White "Xu, Andrew"]
[Black "Trudeau, Charlie"]
[Result "1-0"]
[WhiteElo "1939"]
[BlackElo "926"]
[PlyCount "45"]
[EventDate "2022.07.08"]
[EventType "swiss"]
[EventRounds "7"]
[EventCountry "CAN"]

1. e4 e5 2. Nf3 Nc6 3. Bb5 f5 4. d3 fxe4 5. dxe4 Nf6 6. Nc3 Bb4 7. O-O Bxc3 8.
bxc3 O-O 9. Qe2 Re8 10. Bc4+ Kh8 11. Ng5 Rf8 12. Nf7+ Rxf7 13. Bxf7 Qe7 14. Bb3
a5 15. Bg5 a4 16. Bd5 Na7 17. f4 Qc5+ 18. Kh1 Nxd5 19. exd5 d6 20. fxe5 dxe5
21. Qc4 Qd6 22. Qxc7 Qxc7 23. Rf8# 1-0

[Event "CYCC U16"]
[Site "Hamilton CAN"]
[Date "2022.07.10"]
[Round "6.29"]
[White "Gaisinsky, Jacob"]
[Black "Grosman, Zachary"]
[Result "1-0"]
[WhiteElo "1568"]
[BlackElo "1338"]
[PlyCount "91"]
[EventDate "2022.07.08"]
[EventType "swiss"]
[EventRounds "7"]
[EventCountry "CAN"]

1. e4 e6 2. d4 d5 3. e5 c5 4. c3 Nc6 5. Nf3 Bd7 6. Bd3 Rc8 7. O-O cxd4 8. cxd4
Nb4 9. Nc3 Nxd3 10. Qxd3 Ne7 11. Bg5 Qb6 12. Rfc1 Nc6 13. Na4 Qa5 14. b3 Ba3
15. Rc3 O-O 16. Bd2 Bb4 17. Rc5 Qa6 18. Qxa6 bxa6 19. Rxc6 Bxd2 20. Rxc8 Rxc8
21. Nxd2 Bxa4 22. bxa4 Rc2 23. Nb3 Rb2 24. g3 h6 25. Kg2 Kh7 26. Kf3 Kg6 27. a5
Kf5 28. g4+ Kg5 29. Kg3 h5 30. h4+ Kg6 31. gxh5+ Kxh5 32. Rd1 Rxa2 33. Rd3 Ra3
34. Rf3 Kg6 35. Kg4 f6 36. h5+ Kf7 37. exf6 gxf6 38. Rh3 Ra2 39. h6 Kg8 40. h7+
Kh8 41. Rh2 Rb2 42. Nc5 Re2 43. Kf3 Ra2 44. Nxe6 Ra3+ 45. Kg2 Rxa5 46. Nf4 1-0

[Event "CYCC U16"]
[Site "Hamilton CAN"]
[Date "2022.07.10"]
[Round "6.31"]
[White "Sun, Michael"]
[Black "Tuladhar, Jude"]
[Result "1-0"]
[WhiteElo "1043"]
[BlackElo "1055"]
[PlyCount "85"]
[EventDate "2022.07.08"]
[EventType "swiss"]
[EventRounds "7"]
[EventCountry "CAN"]

1. d4 d5 2. Bf4 Nf6 3. e3 e6 4. Nf3 a5 5. Bd3 c5 6. c3 Nc6 7. Nbd2 c4 8. Be2
Bd6 9. Bg3 a4 10. a3 Qc7 11. Qc2 b5 12. e4 dxe4 13. Nxe4 Nxe4 14. Qxe4 Bxg3 15.
hxg3 Bb7 16. Rxh7 Rxh7 17. Qxh7 f6 18. Qg8+ Kd7 19. Qxg7+ Ne7 20. Qxf6 Rg8 21.
Ne5+ Kd6 22. Bg4 Rxg4 23. Nxg4 Qc6 24. O-O-O Qxg2 25. Qe5+ Kd7 26. Nf6+ Kc8 27.
Qxe6+ Kb8 28. Qxe7 b4 29. Qxb4 Qxf2 30. Ne8 Qe3+ 31. Kb1 Qxe8 32. Qxc4 Qg6+ 33.
Ka2 Qh5 34. Qd3 Qf7+ 35. d5 Kc7 36. Qc4+ Kb6 37. Ka1 Qf3 38. Qd4+ Kc7 39. Qf4+
Kb6 40. Qxf3 Kc5 41. g4 Kc4 42. Rd4+ Kb3 43. Qd1# 1-0

[Event "CYCC U16"]
[Site "Hamilton CAN"]
[Date "2022.07.11"]
[Round "7.3"]
[White "Chen, Max"]
[Black "Huang, Youhe"]
[Result "0-1"]
[WhiteElo "2299"]
[BlackElo "2237"]
[PlyCount "136"]
[EventDate "2022.07.08"]
[EventType "swiss"]
[EventRounds "7"]
[EventCountry "CAN"]

1. e4 e6 2. d4 d5 3. Nd2 c5 4. exd5 Qxd5 5. Ngf3 cxd4 6. Bc4 Qd6 7. O-O Nf6 8.
Nb3 Nc6 9. Nbxd4 Nxd4 10. Nxd4 Be7 11. c3 O-O 12. Qf3 Qc7 13. Bd3 Rd8 14. Bf4
e5 15. Nb5 Qc6 16. Bxe5 Qxf3 17. gxf3 Rxd3 18. Nc7 Rb8 19. Ne8 Nxe8 20. Bxb8 a6
21. Kg2 Rd2 22. Rab1 Be6 23. Bf4 Rd5 24. b3 Rf5 25. Kg3 Nf6 26. Bb8 Bd5 27.
Rfe1 Rxf3+ 28. Kg2 Bc5 29. Rbd1 Rxf2+ 30. Kg3 Rf3+ 31. Kg2 Rf5+ 32. Kh3 Bf2 33.
Re5 Rf3+ 34. Kg2 Rd3+ 35. Rxd5 Rxd5 36. Rxd5 Nxd5 37. c4 Nc3 38. Kxf2 Nxa2 39.
Bd6 f5 40. Ke3 Kf7 41. Kd4 Nc1 42. b4 Ke6 43. Bf8 g5 44. Bh6 Na2 45. Kc5 f4 46.
Bxg5 f3 47. Bh4 Ke5 48. b5 axb5 49. cxb5 Nc3 50. Kc4 Ne4 51. Kd3 Kf4 52. Bd8
Nc3 53. Bb6 Nxb5 54. Bf2 Kg4 55. Ke3 Nd6 56. h3+ Kxh3 57. Kxf3 h5 58. Kf4 Nf7
59. Kf5 h4 60. Kf4 b5 61. Be1 Nd8 62. Kg5 Ne6+ 63. Kh5 Nf4+ 64. Kg5 Ng2 65. Bf2
b4 66. Bd4 Kg3 67. Kf5 h3 68. Bg1 b3 0-1

[Event "CYCC U16"]
[Site "Hamilton CAN"]
[Date "2022.07.11"]
[Round "7.4"]
[White "Issani, Nameer"]
[Black "Xu, Daniel"]
[Result "1-0"]
[WhiteElo "2252"]
[BlackElo "2128"]
[PlyCount "53"]
[EventDate "2022.07.08"]
[EventType "swiss"]
[EventRounds "7"]
[EventCountry "CAN"]

1. d4 Nf6 2. c4 g6 3. Nf3 Bg7 4. Nc3 d6 5. Bg5 O-O 6. e3 b6 7. Be2 Bb7 8. Qc2
Nbd7 9. O-O c5 10. d5 a6 11. a4 Qc7 12. Rad1 Rfe8 13. Rfe1 e6 14. dxe6 Rxe6 15.
Bf4 Nh5 16. Ng5 Nxf4 17. exf4 Re7 18. Bf3 Rxe1+ 19. Rxe1 Bxf3 20. Nxf3 Bxc3 21.
Qxc3 Qc6 22. Re7 Rf8 23. Ng5 d5 24. Ne6 d4 25. Qh3 Qxa4 26. g3 Nf6 27. Qh6 1-0

[Event "CYCC U16"]
[Site "Hamilton CAN"]
[Date "2022.07.11"]
[Round "7.16"]
[White "Ajith, Aayush"]
[Black "Rusonik, Max"]
[Result "0-1"]
[WhiteElo "2122"]
[BlackElo "2291"]
[PlyCount "80"]
[EventDate "2022.07.08"]
[EventType "swiss"]
[EventRounds "7"]
[EventCountry "CAN"]

1. d4 Nf6 2. c4 e6 3. Nc3 d5 4. cxd5 exd5 5. Bg5 Be6 6. Qc2 c6 7. e3 Bd6 8. Bd3
Nbd7 9. Nf3 Qb8 10. Rb1 a5 11. a3 h6 12. Bh4 O-O 13. b4 b5 14. Ne2 axb4 15.
axb4 Ra4 16. Bg3 Rxb4 17. Qxc6 Rxb1+ 18. Bxb1 Bb4+ 19. Kf1 Qa7 20. Qxb5 Qa3 21.
Qd3 Qa1 22. h3 Ne4 23. Qb3 Bd6 24. Bxd6 Nxd6 25. Qd1 Bf5 26. Bc2 Ra8 27. Ne1
Qxd1 28. Bxd1 Ra1 29. Bb3 Ne4 30. Ng3 Nxg3+ 31. fxg3 Be4 32. Rg1 Rb1 33. Ba4
Nb6 34. Bc6 Nc4 35. g4 Rb2 36. Nf3 Nxe3+ 37. Ke1 Nxg2+ 38. Kf1 Ne3+ 39. Ke1
Bxf3 40. Rg3 Re2# 0-1

[Event "CYCC U16"]
[Site "Hamilton CAN"]
[Date "2022.07.11"]
[Round "7.17"]
[White "Windram, James"]
[Black "Chen, Richard"]
[Result "1/2-1/2"]
[WhiteElo "2149"]
[BlackElo "1977"]
[PlyCount "96"]
[EventDate "2022.07.08"]
[EventType "swiss"]
[EventRounds "7"]
[EventCountry "CAN"]

1. e4 e5 2. Nf3 Nc6 3. Nc3 Nf6 4. g3 Bc5 5. Bg2 O-O 6. d3 h6 7. Na4 Bb6 8. Nxb6
axb6 9. c4 d6 10. h3 Be6 11. O-O Nd7 12. Nh4 Nd4 13. Be3 g5 14. Bxd4 exd4 15.
Nf3 c5 16. Nh2 f5 17. exf5 Bxf5 18. Ng4 Bxg4 19. Qxg4 Ne5 20. Qe4 Qd7 21. f4
gxf4 22. gxf4 Nc6 23. Qg6+ Qg7 24. Qxd6 Nb4 25. Qe6+ Kh8 26. Rf3 Rae8 27. Qg4
Re3 28. Qxg7+ Kxg7 29. Rxe3 dxe3 30. Re1 Nxd3 31. Rxe3 Nxb2 32. Rg3+ Kh7 33.
Bd5 Rxf4 34. Rc3 Rd4 35. Kg2 Rd2+ 36. Kf3 Kg7 37. Kg4 Rd3 38. Rc2 Na4 39. Kf5
Nc3 40. Rg2+ Kh7 41. Bxb7 Rxh3 42. Kf6 Rh4 43. Rg7+ Kh8 44. Re7 Rxc4 45. Re8+
Kh7 46. Re7+ Kh8 47. Re8+ Kh7 48. Re7+ Kh8 1/2-1/2

[Event "CYCC U16"]
[Site "Hamilton CAN"]
[Date "2022.07.11"]
[Round "7.18"]
[White "Liu, Henry"]
[Black "Noor Ali, Aahil"]
[Result "0-1"]
[WhiteElo "2051"]
[BlackElo "2025"]
[PlyCount "104"]
[EventDate "2022.07.08"]
[EventType "swiss"]
[EventRounds "7"]
[EventCountry "CAN"]

1. c4 Nf6 2. Nc3 b6 3. Nf3 Bb7 4. d4 e6 5. Bg5 h6 6. Bh4 g5 7. Bg3 g4 8. Nd2
Nh5 9. e4 Nxg3 10. hxg3 h5 11. d5 Na6 12. a3 c6 13. Nb3 Qg5 14. Be2 Bg7 15. Qd2
Qxd2+ 16. Kxd2 exd5 17. cxd5 Bxc3+ 18. bxc3 O-O-O 19. Rh4 Rde8 20. Bd3 Nc7 21.
c4 b5 22. Nc5 Ba8 23. Rah1 d6 24. Nb3 bxc4 25. Bxc4 Rxe4 26. Bd3 Ra4 27. Bf5+
Kd8 28. Bxg4 c5 29. Bxh5 Rxa3 30. Rb1 Ra2+ 31. Kd1 Nxd5 32. Nc1 Nc3+ 33. Ke1
Re8+ 34. Kf1 Nxb1 35. Nxa2 Bd5 36. Ra4 Bb3 37. Rxa7 Nd2+ 38. Kg1 Re1+ 39. Kh2
Ra1 40. Bxf7 Bxf7 41. Rxf7 Rxa2 42. g4 Ke8 43. Rf4 c4 44. g5 c3 45. g6 Ra7 46.
Rb4 Kf8 47. Rb8+ Kg7 48. Rc8 Nb1 49. Rc6 Ra5 50. Rxd6 Rc5 51. Rd1 c2 52. Rc1
Nd2 0-1

[Event "CYCC U16"]
[Site "Hamilton CAN"]
[Date "2022.07.11"]
[Round "7.19"]
[White "Bui, Alan"]
[Black "Batorshyn, Ilia"]
[Result "1-0"]
[WhiteElo "2097"]
[BlackElo "2063"]
[PlyCount "57"]
[EventDate "2022.07.08"]
[EventType "swiss"]
[EventRounds "7"]
[EventCountry "CAN"]

1. d4 Nf6 2. Nf3 d5 3. Bf4 c5 4. e3 Nc6 5. Nbd2 Bf5 6. Bb5 cxd4 7. exd4 a6 8.
Bxc6+ bxc6 9. O-O e6 10. Ne5 Qb6 11. Nb3 c5 12. c4 dxc4 13. dxc5 Qb4 14. Qd4
Nd5 15. Nxc4 Bd3 16. Qxd3 Nxf4 17. Qe4 Nd5 18. Rfd1 Qb7 19. Nba5 Qd7 20. Nb6
Qb5 21. Nxd5 Qxa5 22. Nb6 Ra7 23. Qc6+ Ke7 24. Nc8+ Kf6 25. Nxa7 Bxc5 26. Qf3+
Kg6 27. Qg4+ Kh6 28. Nc6 Qa4 29. Qxa4 1-0

[Event "CYCC U16"]
[Site "Hamilton CAN"]
[Date "2022.07.11"]
[Round "7.20"]
[White "He, Matthew"]
[Black "Lu, Eddie"]
[Result "1/2-1/2"]
[WhiteElo "1945"]
[BlackElo "1739"]
[PlyCount "64"]
[EventDate "2022.07.08"]
[EventType "swiss"]
[EventRounds "7"]
[EventCountry "CAN"]

1. d4 e6 2. c4 f5 3. g3 d5 4. Nf3 c6 5. Nbd2 Nf6 6. Bg2 Bd6 7. b3 O-O 8. Bb2 b6
9. Qc1 Qe7 10. O-O a5 11. a4 Na6 12. Ne5 Bb7 13. f3 c5 14. e3 Rac8 15. Re1 Nb4
16. Bc3 Bxe5 17. dxe5 Nd7 18. Bxb4 cxb4 19. f4 Nc5 20. Qc2 Rfd8 21. cxd5 Bxd5
22. Bxd5 Ne4 23. Qxc8 Rxc8 24. Bxe4 fxe4 25. Nxe4 Rc2 26. Nd6 Qc7 27. Nc4 Qc6
28. e4 Qc5+ 29. Ne3 h5 30. Rab1 Rc3 31. Kf2 Rc2+ 32. Kg1 Rc3 1/2-1/2

[Event "CYCC U16"]
[Site "Hamilton CAN"]
[Date "2022.07.11"]
[Round "7.21"]
[White "Wu, Benjamin"]
[Black "Zaka, Mohid"]
[Result "1-0"]
[WhiteElo "1870"]
[BlackElo "1749"]
[PlyCount "96"]
[EventDate "2022.07.08"]
[EventType "swiss"]
[EventRounds "7"]
[EventCountry "CAN"]

1. e4 c6 2. d4 d5 3. e5 Bf5 4. Nc3 e6 5. g4 Bg6 6. Nge2 Qb6 7. h4 h5 8. Nf4 Ne7
9. Nxg6 Nxg6 10. Rb1 hxg4 11. Qxg4 c5 12. Be3 Nc6 13. Bb5 c4 14. Kd2 Nge7 15.
a3 Nf5 16. Nxd5 Nxe3 17. Nxb6 Nxg4 18. Nxa8 Kd7 19. f3 Nh6 20. c3 Be7 21. Bxc4
Rxa8 22. Bd3 Rc8 23. Rbg1 Bf8 24. h5 a6 25. Rb1 Ne7 26. Be4 Rc7 27. Rhg1 Nhf5
28. Rg5 g6 29. Rg2 gxh5 30. Rh1 h4 31. Kd3 b5 32. Rg5 Bh6 33. Rg4 Ng6 34. Bxf5
exf5 35. Rgg1 Nf4+ 36. Kc2 Ne2 37. Rd1 Bg5 38. Kb3 Rc4 39. Rde1 Nf4 40. Reg1
Be7 41. Rg7 Ke6 42. Rg8 Rc6 43. Re8 Kd7 44. Ra8 Bd8 45. Ra7+ Bc7 46. Rxh4 Ne6
47. d5 Nc5+ 48. Ka2 Rg6 1-0

[Event "CYCC U16"]
[Site "Hamilton CAN"]
[Date "2022.07.11"]
[Round "7.23"]
[White "Gaisinsky, Jacob"]
[Black "Xu, Andrew"]
[Result "0-1"]
[WhiteElo "1568"]
[BlackElo "1939"]
[PlyCount "160"]
[EventDate "2022.07.08"]
[EventType "swiss"]
[EventRounds "7"]
[EventCountry "CAN"]

1. e4 e5 2. Nf3 Nc6 3. Bc4 Nf6 4. Ng5 d5 5. exd5 Na5 6. Bb5+ c6 7. dxc6 bxc6 8.
Bd3 Be7 9. O-O h6 10. Ne4 Nd5 11. Nbc3 O-O 12. Re1 Nb7 13. Ng3 Bc5 14. Bf5 Nf4
15. Nce4 Bb6 16. d3 Nd6 17. Bxc8 Rxc8 18. Nxd6 Qxd6 19. Nf5 Qf6 20. Ng3 Bxf2+
21. Kh1 Bxe1 22. Qxe1 Rfe8 23. Be3 c5 24. Qf2 Nd5 25. Qd2 Nxe3 26. Qxe3 Qf4 27.
Qe2 Qg5 28. Ne4 Qg6 29. Rf1 Qe6 30. b3 f5 31. Ng3 Rf8 32. Qh5 f4 33. Ne4 Rc6
34. Re1 Qf5 35. Qf3 Rfc8 36. Nc3 Rg6 37. Nd5 Re8 38. Nxf4 Rf6 39. Qd5+ Kh7 40.
Nh3 Qe6 41. Qe4+ Qf5 42. Qd5 Qe6 43. Qe4+ g6 44. Qh4 Kg7 45. Ng1 Rf4 46. Qg3
Ref8 47. Nf3 e4 48. dxe4 Rxe4 49. Rg1 Rf7 50. Nd2 Re3 51. Qh4 Re2 52. Nf3 Qe4
53. Qd8 Rxc2 54. Qd1 Re2 55. Qf1 Rxa2 56. h3 Qe2 57. Qxe2 Rxe2 58. Rc1 Rb2 59.
Rxc5 Rxb3 60. Ra5 Rfb7 61. Kh2 R3b5 62. Ra6 R5b6 63. Ra5 a6 64. Nd4 Rd6 65. Nf3
Ra7 66. Ne5 Rb6 67. Nd3 Rb5 68. Ra4 a5 69. Kh1 Rd5 70. Nf4 Re5 71. Nd3 Kf6 72.
Kh2 Ke6 73. Nf4+ Kf5 74. g3 Kf6 75. Kg2 Rb5 76. Kf2 g5 77. Nd3 Rd5 78. Ke2 Re7+
79. Kd2 Red7 80. Ra3 Rxd3+ 0-1

[Event "CYCC U16"]
[Site "Hamilton CAN"]
[Date "2022.07.11"]
[Round "7.24"]
[White "Lin, Ethan"]
[Black "Zhang, Raymond Tangning"]
[Result "1-0"]
[WhiteElo "1464"]
[BlackElo "1682"]
[PlyCount "87"]
[EventDate "2022.07.08"]
[EventType "swiss"]
[EventRounds "7"]
[EventCountry "CAN"]

1. e4 e6 2. d4 d5 3. Nc3 Bb4 4. e5 c5 5. a3 Bxc3+ 6. bxc3 Ne7 7. Nf3 Qc7 8. Qd2
b6 9. Bd3 Ba6 10. O-O Bxd3 11. Qxd3 Nd7 12. Re1 Rc8 13. Ra2 Qc6 14. a4 c4 15.
Qd2 O-O 16. Qg5 f6 17. Qg4 fxe5 18. Nxe5 Nxe5 19. Rxe5 Rf5 20. Rxf5 exf5 21.
Qf3 Re8 22. Ra1 Qe6 23. Bd2 Nc6 24. Rf1 Qe4 25. Qxe4 Rxe4 26. f3 Re6 27. Kf2
Kf7 28. Re1 Rxe1 29. Bxe1 g6 30. Kg3 a6 31. Kf4 b5 32. axb5 axb5 33. Kg5 Na5
34. Kh6 Kg8 35. Bd2 Nc6 36. h4 b4 37. cxb4 Nxd4 38. c3 Nb5 39. h5 Kf7 40. Kxh7
gxh5 41. Kh6 Kf6 42. f4 d4 43. cxd4 Nxd4 44. Bc3 1-0

[Event "CYCC U16"]
[Site "Hamilton CAN"]
[Date "2022.07.11"]
[Round "7.26"]
[White "Zhong, Victor"]
[Black "Cowan, Ryan"]
[Result "1/2-1/2"]
[WhiteElo "1114"]
[BlackElo "1494"]
[PlyCount "74"]
[EventDate "2022.07.08"]
[EventType "swiss"]
[EventRounds "7"]
[EventCountry "CAN"]

1. d4 Nf6 2. c4 e6 3. Nf3 d5 4. g3 c5 5. Bg2 Nc6 6. cxd5 exd5 7. O-O Bg4 8.
dxc5 Bxc5 9. Qb3 Qb6 10. Bf4 Qxb3 11. axb3 Bxf3 12. Bxf3 Nd4 13. Nc3 Nxf3+ 14.
exf3 O-O 15. Rad1 Rad8 16. Be5 Be7 17. Rfe1 Rfe8 18. Nb5 h6 19. Bf4 Bc5 20. Be3
d4 21. Bf4 Nd5 22. Rxe8+ Rxe8 23. Bd6 Bxd6 24. Nxd6 Re6 25. Nxb7 Rb6 26. Nc5
Rb5 27. Na4 Rxb3 28. Rxd4 Nb6 29. f4 Nxa4 30. Rxa4 Rxb2 31. Rxa7 Rb5 32. h4 h5
33. Kg2 g6 34. Re7 Kg7 35. Re5 Rb3 36. f5 Kf6 37. f4 gxf5 1/2-1/2

[Event "CYCC U16"]
[Site "Hamilton CAN"]
[Date "2022.07.11"]
[Round "7.29"]
[White "Grosman, Zachary"]
[Black "Zhang, William"]
[Result "0-1"]
[WhiteElo "1338"]
[BlackElo "678"]
[PlyCount "46"]
[EventDate "2022.07.08"]
[EventType "swiss"]
[EventRounds "7"]
[EventCountry "CAN"]

1. d4 Nf6 2. c4 e6 3. Nf3 d5 4. Nc3 c5 5. dxc5 Bxc5 6. cxd5 exd5 7. Bg5 Be6 8.
e3 Nc6 9. Bb5 Qd6 10. Bxf6 gxf6 11. Qa4 O-O-O 12. O-O-O Qc7 13. Bxc6 bxc6 14.
Nd4 Rd6 15. e4 Rhd8 16. exd5 Bxd4 17. Rxd4 Bxd5 18. Nxd5 Rxd5 19. Rxd5 Rxd5 20.
Qg4+ f5 21. Qg3 Qd8 22. Qc3 Qb6 23. Re1 Rc5 0-1

[Event "CYCC U16 w"]
[Site "Hamilton CAN"]
[Date "2022.07.08"]
[Round "1.33"]
[White "Guo, Veronica (Yu Han)"]
[Black "Qian, Jessica"]
[Result "1-0"]
[WhiteElo "1984"]
[BlackElo "1526"]
[PlyCount "55"]
[EventDate "2022.07.08"]
[EventType "swiss"]
[EventRounds "7"]
[EventCountry "CAN"]

1. d4 Nf6 2. c4 g6 3. Nc3 Bg7 4. e4 d6 5. Nge2 O-O 6. Ng3 e5 7. d5 Na6 8. h4 h5
9. Be2 Ng4 10. f3 Nf6 11. Bg5 Qe8 12. Qd2 Nh7 13. Bh6 Qe7 14. O-O-O Nc5 15.
Rdf1 a5 16. Bxg7 Kxg7 17. f4 exf4 18. Rxf4 Qe5 19. Rhf1 Bd7 20. Qe3 f5 21. Bxh5
gxh5 22. Nxf5+ Bxf5 23. Rxf5 Rxf5 24. Rxf5 Qe8 25. e5 Qg6 26. Rf3 Qe8 27. e6
Kg8 28. Rg3+ 1-0

[Event "CYCC U16 w"]
[Site "Hamilton CAN"]
[Date "2022.07.08"]
[Round "1.34"]
[White "Surya, Dania"]
[Black "Jiang, Kate"]
[Result "1/2-1/2"]
[WhiteElo "1410"]
[BlackElo "1982"]
[PlyCount "137"]
[EventDate "2022.07.08"]
[EventType "swiss"]
[EventRounds "7"]
[EventCountry "CAN"]

1. e4 e5 2. Nf3 Nc6 3. Bc4 Nf6 4. d3 Bc5 5. c3 d6 6. O-O Bb6 7. Nbd2 O-O 8. h3
h6 9. Re1 Re8 10. Nf1 Be6 11. Bxe6 Rxe6 12. Ng3 d5 13. b4 a6 14. Bb2 d4 15. Nf5
dxc3 16. Bxc3 Qf8 17. Qd2 Rd8 18. Rad1 Kh7 19. Qb2 Qe8 20. a4 g6 21. b5 axb5
22. axb5 Nd4 23. N5xd4 exd4 24. Nxd4 Bxd4 25. Bxd4 Nh5 26. b6 cxb6 27. Bxb6
Rdd6 28. Be3 Qd7 29. Qb3 Re5 30. f3 Rb5 31. Qc2 Rc6 32. Qd2 Qe7 33. Rc1 Ra6 34.
d4 Rba5 35. d5 b5 36. Bc5 Qh4 37. Qf2 Qg5 38. Be3 Qe7 39. g4 Ng7 40. Bf4 Ne8
41. Rc6 Rxc6 42. dxc6 Qa7 43. Qxa7 Rxa7 44. Rd1 Ra6 45. Rd8 Rxc6 46. Rxe8 Rb6
47. Rc8 b4 48. Be5 f6 49. Rc7+ Kg8 50. Bb2 Rd6 51. Rc2 b3 52. Re2 Kf7 53. Kf2
Rd3 54. Ba3 Rd7 55. Ke3 Ke6 56. Rb2 Rb7 57. Kd4 f5 58. e5 Rb5 59. Bd6 fxg4 60.
hxg4 h5 61. Kc4 Ra5 62. Rxb3 Ra4+ 63. Rb4 Rxb4+ 64. Bxb4 h4 65. Be1 Kxe5 66.
Bxh4 Kf4 67. Bf6 g5 68. Bxg5+ Kxf3 69. Bf6 1/2-1/2